[Event "SVK-ch U16"]
[Site "Tatralandia"]
[Date "2024.04.07"]
[Round "3"]
[White "Kyselica, Daniel"]
[Black "Earle, Dominic James"]
[Result "0-1"]
[WhiteElo "1652"]
[BlackElo "1849"]
[PlyCount "82"]
[EventDate "2024.04.05"]
[EventType "swiss"]
[EventRounds "9"]
[EventCountry "SVK"]
[SourceTitle "CB16_2024"]
[SourceDate "2024.04.17"]
[SourceVersion "1"]
[SourceVersionDate "2024.04.17"]
[SourceQuality "1"]

1. d4 f5 2. g3 Nf6 3. Bg2 d5 4. Nf3 e6 5. c4 c6 6. 0-0 Bd6 7. c5 Bc7 8. Nc3 Nbd7 9. Bf4 Bxf4 10. gxf4 0-0 11. Ne5 Nxe5 12. fxe5 Nd7 13. f4 b6 14. b4 a5 15. a3 Ba6 16. Rf3 Bc4 17. Bf1 h6 18. e3 Bxf1 19. Qxf1 axb4 20. axb4 Rxa1 21. Qxa1 Qa8 22. Rf1 g5 23. Ne2 Qb7 24. Qc3 Ra8 25. Ra1 b5 26. Qb2 Ra6 27. Nc1 Qa7 28. Nb3 Rxa1+ 29. Nxa1 Qa4 30. Nc2 Nf8 31. Kf2 Ng6 32. Kg3 Qa8 33. Ne1 Kf7 34. Ng2 Qa4 35. Qd2 Qb3 36. h3 Kg7 37. Kf3 Qb1 38. Kg3 Qg1 39. Qc3 gxf4+ 40. exf4 Nxf4 41. Kxf4 Qxg2 0-1

[Event "SVK-ch U16"]
[Site "Tatralandia"]
[Date "2024.04.07"]
[Round "4"]
[White "Slivinsky, Maxim"]
[Black "Kyselica, Daniel"]
[Result "1-0"]
[WhiteElo "1638"]
[BlackElo "1652"]
[PlyCount "63"]
[EventDate "2024.04.05"]
[EventType "swiss"]
[EventRounds "9"]
[EventCountry "SVK"]
[SourceTitle "CB16_2024"]
[SourceDate "2024.04.17"]
[SourceVersion "1"]
[SourceVersionDate "2024.04.17"]
[SourceQuality "1"]

1. e4 c5 2. Nf3 e6 3. d4 cxd4 4. Nxd4 Nc6 5. Nb5 d6 6. c4 Nf6 7. N5c3 a6 8. Be2 Qc7 9. Be3 Rb8 10. 0-0 Bd7 11. Nd2 Be7 12. Rc1 Qd8 13. a3 Ne5 14. b4 b5 15. cxb5 axb5 16. Nb3 Bc6 17. f3 d5 18. Bf4 Bd6 19. Na5 Bd7 20. exd5 Qb6+ 21. Kh1 0-0 22. dxe6 fxe6 23. Nxb5 Nxf3 24. Bxd6 Bxb5 25. Bxf8 Bxe2 26. Qxe2 Nd4 27. Qe3 Rxf8 28. Rcd1 e5 29. Qxe5 Nb5 30. Qb2 Re8 31. Nc4 Re6 32. Nxb6 1-0

[Event "Bratislava Rintel Memorial 50th"]
[Site "Bratislava"]
[Date "2023.08.24"]
[Round "7"]
[White "Kyselica, Daniel"]
[Black "Vasko, Matej"]
[Result "0-1"]
[WhiteElo "1186"]
[BlackElo "1716"]
[PlyCount "66"]
[EventDate "2023.08.21"]
[EventType "swiss"]
[EventRounds "9"]
[EventCountry "SVK"]
[SourceTitle "EXT 2024"]
[Source "ChessBase"]
[SourceDate "2023.10.10"]
[SourceVersion "1"]
[SourceVersionDate "2023.10.10"]
[SourceQuality "1"]

1. d4 Nf6 2. c4 c5 3. d5 e5 4. Nc3 d6 5. e4 Be7 6. Bd3 0-0 7. h3 Ne8 8. g4 Na6 9. Nf3 Nac7 10. Be3 Bd7 11. Qd2 a6 12. g5 b5 13. h4 f5 14. gxf6 Nxf6 15. Nh2 Nh5 16. Bg5 Bxg5 17. hxg5 Nf4 18. Rg1 bxc4 19. Bxc4 Nb5 20. f3 Nxc3 21. Qxc3 Nh3 22. Rg3 Nxg5 23. 0-0-0 h6 24. Rdg1 Rf4 25. Ng4 Bxg4 26. Rxg4 Rxf3 27. Qe1 Rf7 28. Qg3 Qb6 29. Rg2 Raf8 30. Rxg5 hxg5 31. Qxg5 Qb4 32. Bd3 Qe1+ 33. Kc2 Rf2+ 0-1

[Event "Bratislava Rintel Memorial 50th"]
[Site "Bratislava"]
[Date "2023.08.22"]
[Round "3"]
[White "Libich, Simon"]
[Black "Kyselica, Daniel"]
[Result "1-0"]
[WhiteElo "1686"]
[BlackElo "1186"]
[PlyCount "185"]
[EventDate "2023.08.21"]
[EventType "swiss"]
[EventRounds "9"]
[EventCountry "SVK"]
[SourceTitle "EXT 2024"]
[Source "ChessBase"]
[SourceDate "2023.10.10"]
[SourceVersion "1"]
[SourceVersionDate "2023.10.10"]
[SourceQuality "1"]

1. e4 c5 2. Nf3 Nc6 3. d4 cxd4 4. Nxd4 e5 5. Nb5 d6 6. N1c3 a6 7. Na3 Be7 8. Nd5 Nf6 9. Be3 0-0 10. Nxf6+ Bxf6 11. c3 b5 12. Nc2 Be6 13. Be2 d5 14. exd5 Qxd5 15. 0-0 Rfd8 16. Qxd5 Bxd5 17. Rfd1 Be7 18. Bb6 Rd6 19. Bc5 Rd7 20. Bg4 Rdd8 21. Bb6 Rdb8 22. Rxd5 Rxb6 23. Rad1 Rbb8 24. Bd7 Na5 25. Rxe5 Bf6 26. Re2 Rd8 27. Na3 Ra7 28. Red2 g6 29. Rd3 Rb8 30. b4 Nc4 31. Nxc4 bxc4 32. Rf3 Kg7 33. Bc6 Rb6 34. Ba4 Re7 35. Kf1 Rbe6 36. g3 h5 37. Rd8 h4 38. Kg2 Re2 39. Rd6 R7e6 40. Rxe6 fxe6 41. Bd7 Kf7 42. a4 Rc2 43. Bc8 Rxc3 44. Rxc3 Bxc3 45. Bxa6 Bxb4 46. Bxc4 hxg3 47. hxg3 Ba5 48. Kf3 Bb6 49. Ke2 Kf6 50. f3 e5 51. Kd3 Kf5 52. Bb5 Bf2 53. Bd7+ Kf6 54. a5 Bxg3 55. Ke3 Bf4+ 56. Kf2 e4 57. fxe4 Bb8 58. Kf3 Ba7 59. a6 Ke5 60. Be8 g5 61. Bc6 Kf6 62. Kg4 Bb8 63. Kh5 Ba7 64. Kg4 Bb8 65. Kf3 Ba7 66. Ke2 Ke5 67. Kd3 Kd6 68. Bb7 Ke5 69. Bc8 Kf4 70. Bf5 g4 71. Bxg4 Kxg4 72. Kc4 Bb8 73. Kd5 Kg5 74. Ke6 Kg6 75. Ke7 Ba7 76. e5 Kg7 77. e6 Bc5+ 78. Kd7 Kf8 79. a7 Bxa7 80. e7+ Kg7 81. e8Q Kf6 82. Qe7+ Kf5 83. Qe6+ Kg5 84. Qf7 Be3 85. Ke6 Kg4 86. Qf5+ Kg3 87. Ke5 Kg2 88. Ke4 Bf2 89. Qg4+ Bg3 90. Ke3 Kh1 91. Kf3 Kg1 92. Qxg3+ Kf1 93. Qf2# 1-0